LEADER 00966cam0 2200289 450 001 E600200061319 005 20201215070909.0 010 $a8842001546 100 $a20100309d1990 |||||ita|0103 ba 101 $aita 102 $aIT 200 1 $aFedone$fPlatone$ga cura di Manara Valgimigli 210 $aBari$cLaterza$d1990 215 $a198 p.$d18 cm 225 2 $aPiccola biblioteca filosofica Laterza$v16 410 1$1001LAEC00019962$12001 $a*Piccola biblioteca filosofica Laterza$v16 700 0$aPlato$3AF00011225$4070$0292329 702 1$aValgimigli, Manara$3AF00013617$4070 801 0$aIT$bUNISOB$c20201215$gRICA 850 $aUNISOB 852 $aUNISOB$j100$m68703 912 $aE600200061319 940 $aM 102 Monografia moderna SBN 941 $aM 957 $a100$b007183$gSi$d68703$racquisto$1pregresso2$2UNISOB$3UNISOB$420100309110411.0$520201215070854.0$6Alfano 996 $aCollection des Universités de France$913158 997 $aUNISOB LEADER 03251nam 2200589 450 001 9910808642103321 005 20230721041840.0 010 $a3-03813-243-8 035 $a(CKB)3710000000221806 035 $a(EBL)1865163 035 $a(SSID)ssj0001343407 035 $a(PQKBManifestationID)11951772 035 $a(PQKBTitleCode)TC0001343407 035 $a(PQKBWorkID)11309876 035 $a(PQKB)11344977 035 $a(MiAaPQ)EBC1865163 035 $a(Au-PeEL)EBL1865163 035 $a(CaPaEBR)ebr10906026 035 $a(OCoLC)891395810 035 $a(EXLCZ)993710000000221806 100 $a20080409h20082008 uy| 0 101 0 $aeng 135 $aur|n|---||||| 181 $ctxt 182 $cc 183 $acr 200 10$aNonlinearity of colloid systems $eoxyhydrate systems /$fYuri I. Sucharev 210 1$aStafa-Zuerich ;$aEnfield, New Hampshire :$cTrans Tech Publications Limited,$d[2008] 210 4$d©2008 215 $a1 online resource (438 p.) 225 1 $aMaterials science foundations,$x1422-3597 ;$vvolumes 34-35 300 $aDescription based upon print version of record. 311 $a0-87849-482-0 320 $aIncludes bibliographical references (pages [423]-434). 327 $aGenesis of gel oxyhydrate systems of d- and f-elements in the course of their formation second section's title -- Periodic phenomena of the organization of gel oxyhydrate systems -- Dilatancy effect as a specific property of periodicity of gel oxyhydrates -- Liesegang operator as a reflection of nonlinear properties of oxyhydrate gel systems -- Mesophase-like behaviour of gel systems -- The chromatic effect of some oxyhydrate gels -- Experimental studies of optical properties of gels. Observed chromatic effect -- The phisico-chemical nature of polarisation of living gels of heavy metals oxyhydrates -- The influence of electric, magnetic and electromagnetic fields on the structurization processes of Yttrium Oxyhydrate -- Nonlinear sorption properties of oxyhydrate -- Quantum chemical study of the structural models of Zirconium Oxyhydrate -- In place of a conclusion. 330 $aThe present monograph is the first systematic study of the non-linear characteristic of gel oxy-hydrate systems involving d- and f- elements. These are the oxyhydrates of rare-earth elements and oxides - hydroxides of d- elements (zirconium, niobium, titanium, etc.) The non-linearity of these gel systems introduces fundamental peculiarities into their structure and, consequently, their properties. The polymer-conformational diversity of energetically congenial gel fragments, which continu-ously transform under the effect of, for instance, system dissipation heat, is central to the au-thor's hy 410 0$aMaterials science foundations ;$vv. 34-35. 606 $aColloids 606 $aMetallic oxides 606 $aHydroxides 615 0$aColloids. 615 0$aMetallic oxides. 615 0$aHydroxides. 676 $a541/.345 700 $aSukharev$b I?U. I$g(I?Urii? Ivanovich),$01639760 801 0$bMiAaPQ 801 1$bMiAaPQ 801 2$bMiAaPQ 906 $aBOOK 912 $a9910808642103321 996 $aNonlinearity of colloid systems$94022703 997 $aUNINA